000 01007cam a2200313 4500
999 _c126858
_d126858
001 295926
003 ARRUPE
005 20170831124031.0
008 720602s1972 nyug b 001 0 eng
010 _a 71083598
020 _a0060117834
040 _aDLC
_cDLC
_dDLC
043 _an-us---
050 0 0 _aGV1771
_b.J64
082 0 0 _a796.1/3
100 1 _aJones, Bessie,
_d1902-1984.
_935464
245 1 0 _aStep it down;
_bgames, plays, songs, and stories from the Afro-American heritage,
_cby Bessie Jones and Bess Lomax Hawes.
250 _a[1st ed.]
260 _aNew York,
_bHarper & Row publishing
_c[1972]
300 _axxi, 233 p.
_c24 cm.
350 _a$10.00
504 _aBibliography: p. [223]-225.
650 0 _aPlay-party.
_935465
650 0 _aSinging games
_935466
650 0 _aNegro songs
_935467
700 1 _aHawes, Bess Lomax,
_d1921-2009,
_ejoint author.
_935468
906 _a7
_bcbc
_corignew
_d2
_eopcn
_f19
_gy-gencatlg
942 _2lcc
_cMONOGRAPH